000 00315nam a2200109Ia 4500
008 171211s9999 xx 000 0 und d
245 _aHot Sex: 9 Engaging Sex Positions Like None Other
245 _cBrett Taylor
260 _c2016
650 _xSexuality
856 _uhttp://down.ebook777.com/059/9781138051195.pdf
999 _c350772
_d350772